Easter in different languages - Statistics

General Stats
  • This quiz has been taken 20 times
    9 since last reset
  • The average score is 2 of 24
Answer Stats
Language Answer % Correct
Zulu Easter
50%
French Pâques
50%
German Ostern
38%
Portuguese Páscoa
13%
Spanish Pascua de Resurrección
13%
Welsh Pasg
13%
Yoruba Ajinde
0%
Korean Buhwaljeol
0%
Arabic Eyd Alfasah
0%
Maltese Għid
0%
Hungarian Húsvét
0%
Xhosa iPasika
0%
Nepali Īsṭara
0%
Japanese Īsutā
0%
Latvian Lieldienas
0%
Estonian Lihavõtted
0%
Vietnamese Lễ Phục sinh
0%
Dutch Pasen
0%
Turkish Paskalya
0%
Romanian Paști
0%
Croatian Uskrs
0%
Bulgarian Velikden
0%
Ukrainian Velykodniy
0%
Polish Wielkanoc
0%
No matching quizzes found
Score Distribution
Percent of People with Each Score
Percentile by Number Answered
Your Score History
You have not taken this quiz since the last reset